000 00406nam a2200157Ia 4500
008 210210b2013 xxu||||| |||| 00| 0 eng d
020 _a9789350562833
041 _aeng
082 _a637.1 SWAM
100 _aSWARUP (Abha)
245 _aMilk processing technology
260 _aNew Delhi
_bDiscovery Publishing House Pvt. Ltd.
_c2013
300 _ax,317
690 _aFood Technology
906 _a070589
999 _c120041
_d120041